书目信息 |
| 题名: |
漫画技法
|
|
| 作者: | 李妍慈 编著 | |
| 分册: | ||
| 出版信息: | 北京 北京工艺美术出版社 2017 |
|
| 页数: | 218页 | |
| 开本: | 26cm | |
| 丛书名: | ||
| 单 册: | ||
| 中图分类: | J218.2 | |
| 科图分类: | ||
| 主题词: | 漫画--man hua--绘画技法 | |
| 电子资源: | ||
| ISBN: | 978-7-5140-1373-3 | |
| 000 | 00955nam0 2200253 450 | |
| 001 | 012001010684 | |
| 005 | 20131102161553.0 | |
| 010 | @a978-7-5140-1373-3@dCNY78.00 | |
| 099 | @aCAL 012018008418 | |
| 100 | @a20171207d2017 em y0chiy50 ea | |
| 101 | 0 | @achi |
| 102 | @aCN@b110000 | |
| 105 | @aa z 000yy | |
| 106 | @ar | |
| 200 | 1 | @a漫画技法@Aman hua ji fa@e从入门到精通@f李妍慈编著 |
| 210 | @a北京@c北京工艺美术出版社@d2017 | |
| 215 | @a218页@c图@d26cm | |
| 330 | @a本书从绘画工具开始, 让初学者能够了解绘制漫画的必要装备, 然后循序渐进地介绍了如何通过线条和光影来表现画面, 再从基本的造型起稿开始, 逐步深入到脸型、五官、表情、肢体、动作、服饰等, 全程详解漫画的流程和技法, 是一本真正的从入门到精通的漫画技法手册。 | |
| 517 | 1 | @a从入门到精通@Acong ru men dao jing tong |
| 606 | 0 | @a漫画@Aman hua@x绘画技法 |
| 690 | @aJ218.2@v5 | |
| 701 | 0 | @a李妍慈@Ali yan ci@4编著 |
| 801 | 2 | @aCN@b上海新华@c20191020 |
| 905 | @b1182265-8@dJ218.2@e1124@f4 | |
| 漫画技法:从入门到精通/李妍慈编著.-北京:北京工艺美术出版社,2017 |
| 218页:图;26cm |
| ISBN 978-7-5140-1373-3:CNY78.00 |
| 本书从绘画工具开始, 让初学者能够了解绘制漫画的必要装备, 然后循序渐进地介绍了如何通过线条和光影来表现画面, 再从基本的造型起稿开始, 逐步深入到脸型、五官、表情、肢体、动作、服饰等, 全程详解漫画的流程和技法, 是一本真正的从入门到精通的漫画技法手册。 |
| ● |
| 相关链接 |
|
|
|
|
正题名:漫画技法
索取号:J218.2/1124
 
预约/预借
| 序号 | 登录号 | 条形码 | 馆藏地/架位号 | 状态 | 备注 |
| 1 | 1182265 | 211822651 | 第一样本阅览室/ [索取号:J218.2/1124] | 在馆 | |
| 2 | 1182266 | 211822660 | 第一借阅区/ [索取号:J218.2/1124] | 在馆 | |
| 3 | 1182267 | 211822679 | 第一借阅区/ [索取号:J218.2/1124] | 在馆 | |
| 4 | 1182268 | 211822688 | 第一借阅区/ [索取号:J218.2/1124] | 在馆 |